Town centre retail (Record no. 26940)

MARC details
000 -LEADER
fixed length control field 00909cab a2200217 4500
001 - CONTROL NUMBER
control field ABS43480
008 - FIXED-LENGTH DATA ELEMENTS--GENERAL INFORMATION
fixed length control field 090401t1990 xxu||||| |||| 00| 0 eng d
035 ## - SYSTEM CONTROL NUMBER
System control number (Sirsi) u41954
041 ## - LANGUAGE CODE
Language code of text/sound track or separate title eng
245 ## - TITLE STATEMENT
Title Town centre retail
260 ## - PUBLICATION, DISTRIBUTION, ETC.
Date of publication, distribution, etc. 1990
350 ## - PRICE (NR) (BK AM CF MU VM SE) [OBSOLETE]
Price 0
490 ## - SERIES STATEMENT
Series statement Chartered Surveyor Weekly
Volume/sequential designation Supplement 18 October 1990 32 pages LOAN
520 ## - SUMMARY, ETC.
Summary, etc. Survey of retail property in town centres with features on why current transport policies favour out of town retail; recent Sunday Trading case law ; investment ; the growth of Beales department stores ; development in Leicester , Scotland and Northern Ireland ; development s due to open this year and the impact of tourism .
650 ## - SUBJECT ADDED ENTRY--TOPICAL TERM
Topical term or geographic name entry element KIRKLEES MBC V WICKES BUILDING SUPPLIERS LTD
650 ## - SUBJECT ADDED ENTRY--TOPICAL TERM
Topical term or geographic name entry element SHOPS ACT 1947 S47
650 ## - SUBJECT ADDED ENTRY--TOPICAL TERM
Topical term or geographic name entry element TORFAEN COUNCIL V B AND Q
690 ## - LOCAL SUBJECT ADDED ENTRY--TOPICAL TERM (OCLC, RLIN)
Topical term or geographic name as entry element PROPERTY-COMMERCIAL PROPERTY
942 ## - ADDED ENTRY ELEMENTS (KOHA)
Suppress in OPAC 0
948 ## - LOCAL PROCESSING INFORMATION (OCLC); SERIES PART DESIGNATOR (RLIN)
c (OCLC) 04/03/1997
Holdings
Withdrawn status Lost status Source of classification or shelving scheme Damaged status Not for loan Home library Current library Shelving location Date acquired Total Checkouts Full call number Barcode Date last seen Copy number Price effective from Koha item type
    Dewey Decimal Classification     London London Journal article 09/01/1992   ABS43480 30032118 06/08/2019 1 06/08/2019 Journal article
    Dewey Decimal Classification     London London Journal article 09/01/1992   ABS43480 30032122 06/08/2019 2 06/08/2019 Journal article